Gminy sąsiadujące z Jelenią Górą - Statystyki

Ogólne statystyki
  • Ten quiz został rozwiązany 46 razy
  • Średni wynik to 4 z 7
Statystyki odpowiedzi
Powiat Gmina % Poprawnych
Jeżów Sudecki
67%
Piechowice
60%
Mysłakowice
53%
karkonoski Podgórzyn
51%
Szklarska Poręba
49%
Stara Kamienica
40%
Janowice Wielkie
37%
Nie znaleziono quizów pasujących do podanych kryteriów
Rozkład punktacji
Procent ludzi z każdym wynikiem
Percentyl według liczby udzielonych odpowiedzi
Twoja historia wyników
Nie rozwiązałeś tego quizu